00789nam a2200181 a 450000100100000000500170001000800410002704000250006810000330009324500670012626000690019330000360026249000730029850400280037183000850039995201060048499900170059000003876420210629084344.0130422s2006 dr ac 000 0 spa d aDO-SdBNPbspacBNPHU1 aRozas Aristy, Eduardo93777713aEl legado clásico a la arquitectura /cEduardo Rozas Aristy. aSanto Domingo :bUniversidad Autónoma de Santo Domingo,c2006. a155 p. :bil., retrs. ;c29 cm.1 aPublicaciones de de la Universidad Autónoma de Santo Domingov1263 aBibliografía : p. 155 aPublicaciones de la Universidad Autónoma de Santo Domingo ;n1150v1263911848 00107-18PDaPDbPDcOId2013-04-22iLF1l0o p38764-10r2020-06-25w2020-06-25yLFPDZNo se presta c38254d38254